000 nam a22 7a 4500
999 _c10334
_d10334
008 180213b ||||| |||| 00| 0 eng d
100 _aCBSE
_96294
245 _aS.Q.P. Mathematics-VIII
260 _aNew Delhi
_bOswaal
_c2012